000 04095cam a2200397 4500500
005 20260201070725.0
041 _afre
042 _adc
100 1 0 _aMoreau, Peggy
_eauthor
700 1 0 _aRouxel, Marion
_eauthor
700 1 0 _aBernez-Romand, Maud
_eauthor
700 1 0 _aBaudet, Lydia
_eauthor
700 1 0 _aSévin, Corinne
_eauthor
700 1 0 _aFoucher, Nathalie
_eauthor
245 0 0 _aAnoplocéphales : des parasites toujours d’actualité ?
260 _c2026.
500 _a56
520 _aLes anoplocéphales font partie des parasites intestinaux d’intérêt majeur chez les équidés, car ils peuvent être à l’origine de troubles digestifs de sévérité variable, allant des coliques spasmodiques aux coliques nécessitant un traitement chirurgical, et être parfois à l’origine de la mort de l’animal. Le diagnostic est compliqué, car la coproscopie utilisée en routine est peu sensible et l’interprétation de la sérologie est délicate. L’autopsie permet d’évaluer la prévalence et l’abondance de l’infestation par les parasites, ainsi que les espèces impliquées et les lésions associées. Récemment, les premiers défauts d’efficacité des vermifuges contre les anoplocéphales ont été décrits. Une étude nécropsique a été menée en France grâce au réseau RESUMEQ pour surveiller l’évolution actuelle de l’infestation par les anoplocéphales. La prévalence dans la population d’équidés de plus de 3 mois, autopsiés entre 2016 et 2024, est de 17 %. Elle est significativement plus élevée (30 %) chez les jeunes de 6 mois à 2 ans. La prévalence et l’abondance ont augmenté entre le début et la fin de l’étude. Le taux de mortalité, lié aux anoplocéphales, est de 1,3 % dans la population totale (8 % dans la population infestée), les déchirures de l’iléon et les intussusceptions étant les plus souvent à l’origine de la mort. Ces constatations sont préoccupantes ; avec les premiers défauts d’efficacité des cestodicides rapportés, la gestion des anoplocéphales en pratique risque de s’avérer complexe.
520 _aEquine tapeworms are equine intestinal parasites of major interest because they can cause digestive disorders of varying severity, ranging from spasmodic colic to surgical colic or can cause the death of the animal. Diagnosis is complicated because routine coproscopy is not very sensitive and the interpretation of serology is delicate. Autopsy allows for assessment of the rate and level of parasite infestation as well as the species involved and associated lesions. Recently, the first treatment failure of dewormers against tapeworms was described. A necropsy study was conducted in France, thanks to the RESUMEQ network, to monitor the current evolution of tapeworm infestation. The prevalence in the population of equines over 3 months old, necropsied between 2016 and 2024, is 17%. It is significantly higher (30%) in young animals aged 6 months to 2 years. The prevalence and level of infestations increased between the start and the end of the studied period. The mortality rate linked to tapeworms is 1.3% in the total population (8% in the infested population), with ileal tears and intussusceptions being the most common causes of death. These findings are concerning; with the first reports of apparent loss of effectiveness of anti-cestodal treatments, the management of tapeworms in practice may become complicated.
690 _aanoplocéphale
690 _acæcum
690 _aintussusception
690 _aparasite digestif
690 _aprévalence
690 _arésistance
690 _aténia
690 _aanoplocephala
690 _acecum
690 _adigestive parasite
690 _aintussusception
690 _aprevalence
690 _aresistance
690 _atapeworm
786 0 _nLe Nouveau Praticien Vétérinaire - Équine | 19 | 3 | 2026-01-06 | p. 60-70 | 1767-5081
856 4 1 _uhttps://stm.cairn.info/revue-le-nouveau-praticien-veterinaire-equine-2025-3-page-60?lang=fr&redirect-ssocas=7080
999 _c1639807
_d1639807